000
003070000a22001570004500
003
MACL
040
_a
MACL
090
_c
46207
_d
46205
100
_a
De, Shobhaa
245
_a
Second Thoughts
260
_b
Penguin Books
350
_a
300
650
_a
Fiction
942
_c
BOOK
_k
823
951
_o
823 BOOK
999
_c
45727
_d
45727